Geography Quiz

Random Geography or World Quiz

6 to 1: Population Quiz Stats

 Plays Quiz Updated Aug 8, 2018

Also try: 6 to 1: Country
Challenge
Share
Tweet
Embed
Score 0/21 Timer 03:00
2 Plays Today
Answer % Correct
China
97.7%
California
97.6%
New York
97.2%
Texas
96.1%
Brazil
95.2%
India
94.9%
Russia
92.5%
Argentina
91.9%
Australia
91.6%
Florida
91.5%
Germany
91.1%
Answer % Correct
Egypt
86.7%
Nigeria
83.8%
Colombia
82.8%
Indonesia
81%
Illinois
77.2%
Pakistan
76.4%
Pennsylvania
69.3%
Bangladesh
64.6%
Ethiopia
62.9%
Democratic Republic of the Congo
61.7%

You're not logged in!

Compare scores with friends on all Sporcle quizzes.
OR
Log In

You Might Also Like...

Show Comments

Extras

Top Quizzes Today


Score Distribution

Your Account Isn't Verified!

In order to create a playlist on Sporcle, you need to verify the email address you used during registration. Go to your Sporcle Settings to finish the process.

Report this User

Report this user for behavior that violates our Community Guidelines.

Details: